Value engineering : (Record no. 17929)
[ view plain ]
| 000 -LEADER | |
|---|---|
| fixed length control field | 01063cam a22002773u 4500 |
| 001 - CONTROL NUMBER | |
| control field | 012365949 |
| 005 - DATE AND TIME OF LATEST TRANSACTION | |
| control field | 20140119123205.0 |
| 008 - FIXED-LENGTH DATA ELEMENTS--GENERAL INFORMATION | |
| fixed length control field | 981217s1997 xxuak || 001 ||eng |
| 020 ## - INTERNATIONAL STANDARD BOOK NUMBER | |
| International Standard Book Number | 0876294638 |
| 020 ## - INTERNATIONAL STANDARD BOOK NUMBER | |
| International Standard Book Number | 9780876294635 |
| 082 04 - DEWEY DECIMAL CLASSIFICATION NUMBER | |
| Classification number | 692 |
| Edition number | 22 |
| Item number | DEL |
| 100 1# - MAIN ENTRY--PERSONAL NAME | |
| Personal name | Dell'Isola, Alphonse J. |
| 9 (RLIN) | 34865 |
| 245 10 - TITLE STATEMENT | |
| Title | Value engineering : |
| Remainder of title | practical applications-for design, construction, maintenance & operations / |
| Statement of responsibility, etc | Alphonse Dell'Isola. |
| 246 33 - VARYING FORM OF TITLE | |
| Title proper/short title | Value engineering : |
| Remainder of title | practical applications-for design, construction, maintenance and operations / |
| 260 ## - PUBLICATION, DISTRIBUTION, ETC. (IMPRINT) | |
| Place of publication, distribution, etc | Hoboken, United States : |
| Name of publisher, distributor, etc | John Wiley & Sons, Inc., |
| -- | RSMeans, |
| Date of publication, distribution, etc | c.1997. |
| 300 ## - PHYSICAL DESCRIPTION | |
| Extent | xxxv, 427 p. : |
| Other physical details | chart, forms, tables ; |
| Dimensions | 29 cm. |
| 500 ## - GENERAL NOTE | |
| General note | Index : p. 423-427. |
| 500 ## - GENERAL NOTE | |
| General note | Glossary : p. 413-422. |
| 500 ## - GENERAL NOTE | |
| General note | Appendix : p. 407-412. |
| 650 #0 - SUBJECT ADDED ENTRY--TOPICAL TERM | |
| Topical term or geographic name as entry element | Construction industry |
| General subdivision | Costs. |
| 9 (RLIN) | 34866 |
| 650 #0 - SUBJECT ADDED ENTRY--TOPICAL TERM | |
| Topical term or geographic name as entry element | Value analysis (Cost control) |
| 9 (RLIN) | 29392 |
| 650 #0 - SUBJECT ADDED ENTRY--TOPICAL TERM | |
| Topical term or geographic name as entry element | Buildings |
| General subdivision | Maintenance |
| -- | Costs. |
| 9 (RLIN) | 34867 |
| 653 ## - INDEX TERM--UNCONTROLLED | |
| Resource For college | |
| Arrived date list | January2014 |
| 655 ## - INDEX TERM--GENRE/FORM | |
| Form subdivision | |
| -- | 34232 |
| 942 ## - ADDED ENTRY ELEMENTS (KOHA) | |
| Source of classification or shelving scheme | Dewey Decimal Classification |
| Call number prefix | 692 DEL |
| Withdrawn status | Item status | Source of classification or shelving scheme | Damaged status | Not for loan | Vendor | Home library | Current library | Shelving location | Date acquired | Source of acquisition | Cost, normal purchase price | Total Checkouts | Total Renewals | Full call number | Barcode | Date last seen | Date last borrowed | Cost, replacement price | Koha item type |
|---|---|---|---|---|---|---|---|---|---|---|---|---|---|---|---|---|---|---|---|
| Dewey Decimal Classification | Baccah | Central Library | Central Library | First floor | 19/01/2014 | 580.00 | 5 | 56 | 692 DEL | 000029716 | 15/07/2025 | 15/01/2020 | 725.00 | Book - Borrowing |